all clone commaders in Star Wars - Statistics

General Stats
  • This quiz has been taken 115 times
  • The average score is 13 of 27
Answer Stats
Hint Answer % Correct
C Cody
98%
R Rex
91%
B Bly
85%
A Appo
78%
F Fox
77%
G Gree
77%
W Wolffe
71%
B Bacara
68%
P Ponds
63%
D Doom
58%
N Neyo
58%
T Thorn
52%
J Jet
49%
S Stone
48%
T Thire
46%
M Monnk
43%
C Colt
42%
F Fil
38%
G Gregor
35%
E Echo
31%
H Havoc
29%
B Blitz
26%
T Trauma
26%
D Deviss
20%
Z Zak
20%
S Silver
8%
J Jal'Galaar
0%
No matching quizzes found
Score Distribution
Percent of People with Each Score
Percentile by Number Answered
Your Score History
You have not taken this quiz